000 00328nam a22001337a 4500
008 170620b xxu||||| |||| 00| 0 eng d
020 _a0030218213
041 _aeng
080 _a338
100 _a20
101 _aSHP
245 _aTHE MAKING UNITED STATES INTERNATIONAL ECONOMIC POLICY
_cCOHEN.S.D
942 _2udc
_cBK
999 _c18345
_d18345